Les 20 villes les plus peuplées de Loire-Atlantique - Statistiques

Statistiques générales
  • Ce quiz a été pris 172 fois
  • Le résultat moyen est 12 sur 20
Statistiques - réponses
Population Villes % Correct
323 204 Nantes
100%
72 057 Saint-Nazaire
92%
42 998 Rezé
83%
17 910 Pornic
78%
49 537 Saint-Herblain
78%
20 510 Carquefou
71%
16 468 La Baule-Escoublac
71%
28 283 Saint-Sébastien-sur-Loire
70%
27 872 Orvault
67%
26 002 Vertou
67%
12 189 Châteaubriant
63%
16 151 Guérande
51%
20 331 La Chapelle-sur-Erdre
51%
12 121 Pornichet
49%
20 410 Bouguenais
46%
23 057 Couëron
44%
15 527 Sainte-Luce-sur-Loire
30%
11 075 Pontchâteau
25%
14 411 Saint-Brevin-les-Pins
25%
11 099 Ancenis-Saint-Géréon
13%
Aucun quiz correspondant
Distribution des résultats
% des personnes avec chaque résultat
Percentile par nombre de réponses
Votre historique - résultats
Vous n’avez pas pris ce quiz